| 000 | 00435nam a2200157Ia 4500 | ||
|---|---|---|---|
| 008 | 260417s2024 xx 000 0 und d | ||
| 041 | _aeng | ||
| 082 |
_a613.07/YAD _bDI-1251 |
||
| 100 | _aDR.ADHIKRAO YADAV | ||
| 245 | _aCOMMUNITY PHARMACY AND MANAGEMENT | ||
| 250 | _a4TH ed | ||
| 260 |
_aPUNE _b2024 _bNIRALI PRAKASHAN |
||
| 300 | _aP.B.9.60/A-10p | ||
| 650 | _aCOMMUNITY PHARMACY AND MANAGEMENT | ||
| 700 | _aMRS.ASHWINI DUBAL | ||
| 999 |
_c1220562 _d1220562 |
||